Descripción tomográfica de la anatomía radicular de los premolares inferiores / (Registro nro. 5659)
[ vista simple ]
| 000 -LEADER | |
|---|---|
| fixed length control field | 01653nam a2200253 4500 |
| 003 - CONTROL NUMBER IDENTIFIER | |
| control field | co-ctgcurn |
| 005 - DATE AND TIME OF LATEST TRANSACTION | |
| control field | 20250329165504.0 |
| 008 - FIXED-LENGTH DATA ELEMENTS--GENERAL INFORMATION | |
| fixed length control field | 180403s2024 000 0 eng d |
| 040 ## - CATALOGING SOURCE | |
| Original cataloging agency | CO-CtgCURN |
| Language of cataloging | spa |
| Transcribing agency | coctgcurn |
| 082 0# - DEWEY DECIMAL CLASSIFICATION NUMBER | |
| Classification number | ODO 2024 |
| Item number | R292 |
| 100 1# - MAIN ENTRY--PERSONAL NAME | |
| Personal name | Rebolledo Martínez, Dayan Carolina. |
| 245 10 - TITLE STATEMENT | |
| Title | Descripción tomográfica de la anatomía radicular de los premolares inferiores / |
| Statement of responsibility, etc. | Dayan Carolina Rebolledo Martínez; Lizzeth Paola Monterrosa Martinez; Robinson González Laguna; investigador: Jose Elias Florez Ariza. |
| 260 ## - PUBLICATION, DISTRIBUTION, ETC. | |
| Place of publication, distribution, etc. | Cartagena de Indias : |
| Name of publisher, distributor, etc. | Corporación Universitaria Rafael Nuñez, |
| Date of publication, distribution, etc. | 2024. |
| 300 ## - PHYSICAL DESCRIPTION | |
| Extent | 50 hojas. |
| 504 ## - BIBLIOGRAPHY, ETC. NOTE | |
| Bibliography, etc. note | Trabajo de grado (Odontología). Corporación Universitaria Rafael Nuñez. Facultad de Ciencias de la Salud. Odontología, 2024. |
| 520 ## - SUMMARY, ETC. | |
| Summary, etc. | "Por medio de la innovación tecnológica se obtendrá de manera tridimensional los conductos radiculares y sus variaciones en la anatomía interna contribuyendo en lo académico un proceso de enseñanza-aprendizaje didáctico e interesante, esto permitirá a los estudiantes y odontólogas comprender, visualizar y maximizar sus conocimientos" |
| 650 #0 - SUBJECT ADDED ENTRY--TOPICAL TERM | |
| Topical term or geographic name entry element | Odontologia |
| Form subdivision | Tesis y disertaciones academicas. |
| 700 1# - ADDED ENTRY--PERSONAL NAME | |
| Personal name | Monterrosa Martinez, Lizzeth Paola. |
| 700 1# - ADDED ENTRY--PERSONAL NAME | |
| Personal name | González Laguna, Robinson. |
| 700 1# - ADDED ENTRY--PERSONAL NAME | |
| Personal name | Florez Ariza, Jose Elias, |
| Relator term | director. |
| 856 ## - ELECTRONIC LOCATION AND ACCESS | |
| Uniform Resource Identifier | <a href="https://unicurn.sharepoint.com/:b:/s/biblioteca/EYHLsWHEoslJkW3wfQ9PU0sBqtJFb-ClTWHVIeiZZnI_jA?e=e6bPMb">https://unicurn.sharepoint.com/:b:/s/biblioteca/EYHLsWHEoslJkW3wfQ9PU0sBqtJFb-ClTWHVIeiZZnI_jA?e=e6bPMb</a> |
| Public note | Click aqui para ver el recurso en texto completo |
| 942 ## - ADDED ENTRY ELEMENTS (KOHA) | |
| Source of classification or shelving scheme | Dewey Decimal Classification |
| Koha item type | Trabajos de grado |
| Classification part | ODO 2024 |
| Item part | R292 |
| Withdrawn status | Lost status | Source of classification or shelving scheme | Damaged status | Not for loan | Collection | Home library | Current library | Shelving location | Date acquired | Source of acquisition | Cost, normal purchase price | Inventory number | Total checkouts | Full call number | Barcode | Date last seen | Copy number | Price effective from | Koha item type |
|---|---|---|---|---|---|---|---|---|---|---|---|---|---|---|---|---|---|---|---|
| Dewey Decimal Classification | Trabajos de grado | Miguel Henríquez Emiliani | Miguel Henríquez Emiliani | Trabajo de grado | 03/29/2025 | El autor | 350000.00 | 025156 | ODO 2024 R292 | 025156 | 10/26/2023 | 1 | 10/26/2023 | Libros |